| 000 | 01031cad a22002295a 4500 | ||
|---|---|---|---|
| 001 | E144613 | ||
| 008 | 080731s2007 xxk f 000 0 eng d | ||
| 020 | _a9781853975240 | ||
| 035 | _a(Sirsi) u144613 | ||
| 041 | 0 | _aeng | |
| 050 | 0 | 4 | _a711.558 $2 18 |
| 110 | 2 |
_aScottish Natural Heritage _92794 |
|
| 245 | 0 | 2 |
_aA brief guide to laws relevant to outdoor access in Scotland _h[electronic resource] |
| 260 |
_aRedgorton, Perth _bScottish Natural Heritage _c2007 |
||
| 520 | _aSummarises the provisions of the Land Reform (Scotland) Act 2003, and subsequent Orders. Also sets out the various relevant statutory powers which are available for local authorities to use, and examines other laws which relate to public access. | ||
| 521 | _aIntroductory | ||
| 590 | _aKA | ||
| 651 | 4 |
_aScotland _y1999- |
|
| 690 | _aPROPERTY-RURAL AND NATURAL ASSETS-RURAL AND NATURAL ASSET MANAGEMENT-LAND MANAGEMENT | ||
| 856 | 4 | 0 |
_uhttps://www.snh.org.uk/pubs/detail.asp?id=892 _zView the guide free of charge at www.snh.org.uk... |
| 942 | _n0 | ||
| 999 |
_c108558 _d108558 |
||